000 00464nam a2200157 a 4500
001 000036713
005 20200930075905.0
008 120126s1965 fr 000 j fre d
040 _aDO-SdBNP
_bspa
_cBNPHU
100 1 _aCesbron, Gilbert
_963018
245 1 0 _aUne sentinelle attend l'aurore /
_cGilbert Cesbron.
260 _aParis :
_bRobert Laffont,
_c1965.
300 _a251 p. ;
_c20 cm.
650 2 4 _aNovela francesa
_91075
650 2 4 _aLiteratura francesa
_91074
999 _c36204
_d36204